Central Library OPAC University of Rajshahi

Visible speech / (Record no. 69554)

MARC details
000 -LEADER
fixed length control field 00942nam a2200277 a 4500
001 - CONTROL NUMBER
control field 69554
003 - CONTROL NUMBER IDENTIFIER
rucl marc code BD-RjUL
005 - DATE AND TIME OF LATEST TRANSACTION
control field 20211209081913.0
008 - FIXED-LENGTH DATA ELEMENTS--GENERAL INFORMATION
fixed length control field 730727s1947 nyua b 001 0 eng
035 ## - SYSTEM CONTROL NUMBER
System control number (BD-RjUL)69766
040 ## - CATALOGING SOURCE
Original cataloging agency DLC
Transcribing agency OUN
Modifying agency OCL
-- m.c.
-- MYG
-- BD-RjUL
Language of cataloging eng
041 ## - LANGUAGE CODE
Language code of text/sound track or separate title eng
082 ## - DEWEY DECIMAL CLASSIFICATION NUMBER
Edition number 23
Classification number 621.386
Author mark and year POV 1947
100 1# - MAIN ENTRY--PERSONAL NAME
Personal name Potter, Ralph Kimball,
Dates associated with a name 1894-
9 (RLIN) 206015
245 10 - TITLE STATEMENT
Title Visible speech /
Statement of responsibility, etc. [by] Ralph K. Potter, George A. Kopp and Harriet C. Green.
250 ## - EDITION STATEMENT
Edition statement 1st ed.
260 ## - PUBLICATION, DISTRIBUTION, ETC. (IMPRINT)
Place of publication, distribution, etc. New York :
Name of publisher, distributor, etc. D. Van Nostrand Co.,
Date of publication, distribution, etc. 1947.
300 ## - PHYSICAL DESCRIPTION
Pagination xvi, 441 p. :
Illustrations ill. ;
Size 28 cm.
490 1# - SERIES STATEMENT
Series statement Bell Telephone Laboratories series
504 ## - BIBLIOGRAPHY, ETC. NOTE
Bibliography, etc Includes Bibliography and index
650 #0 - SUBJECT ADDED ENTRY--TOPICAL TERM
Topical term or geographic name as entry element Telephone
General subdivision Equipment and supplies.
9 (RLIN) 206016
700 1# - ADDED ENTRY--PERSONAL NAME
Personal name Kopp, George Adams,
Dates associated with a name 1900-1968.
Personal name Kopp, Harriet Green,
Dates associated with a name 1917-
830 #0 - SERIES ADDED ENTRY--UNIFORM TITLE
Uniform title Bell Telephone Laboratories series.
942 ## - ADDED ENTRY ELEMENTS (KOHA)
Source of classification or shelving scheme Dewey Decimal Classification
Koha item type Books
Holdings
Lost status Source of classification or shelving scheme Damaged status Not for loan Collection code Permanent Location Current Location Shelving location Date acquired Source of acquisition Cost, normal purchase price Total Checkouts Full call number Date last seen Copy number Koha item type
  Dewey Decimal Classification   Not For Loan Non-fiction Central Library, University of Rajshahi Central Library, University of Rajshahi Reading Room 11/02/1958 U. S. Govt. 0.00   621.386 POV 1947 12/04/2017 C-1 Books